Associe ces artistes masculins francophones à leur nom à l'état civil - Statistiques

Statistiques générales
  • Ce quiz a été pris 41 fois
  • Le résultat moyen est 11 sur 20
Statistiques - réponses
Hint Réponse % Correct
Orelsan Aurélien Cotentin
91%
Johnny Hallyday Jean-Philippe Smet
91%
Gims Gandhi Djuna
79%
Black M Alpha Diallo
76%
Christophe Maé Christophe Martichon
76%
Joey Starr Didier Morville
76%
Nekfeu Ken Samaras
64%
Soprano Saïd M’Roumbaba
64%
Ninho William Nzobazola
61%
Booba Élie Yaffa
55%
Garou Pierre Garand
55%
Grand Corps Malade Fabien Marsaud
48%
Eddy Mitchell Claude Moine
45%
Mike Brant Moshe Brand
45%
Enrico Macias Gaston Ghrenassia
42%
Lomepal Antoine Valentinelli
36%
Amir Laurent Haddad
27%
Sinclair Mathieu Blanc-Francard
27%
Jeck Jean-Luc Monteagudo
18%
Akhénaton Philippe Fragione
18%
Aucun quiz correspondant
Distribution des résultats
% des personnes avec chaque résultat
Percentile par nombre de réponses
Votre historique - résultats
Vous n’avez pas pris ce quiz